Ψευδοπροφήτες, μάγοι και αιρετικοί στο Βυζάντιο κατά τον 14ο αιώνα : επτά ανέκδοτες ομιλίες του Πατριάρχου Κωνσταντινουπόλεως Καλλίστου Α'

Αποθηκεύτηκε σε:
Λεπτομέρειες βιβλιογραφικής εγγραφής
Κύριος συγγραφέας: Κάλλιστος ο Α', Πατριάρχης Κωνσταντινουπόλεως, 14ος αι. μ.Χ
Άλλοι συγγραφείς: Παΐδας, Κωνσταντίνος (Συγγραφέας εισαγωγής κ.λπ., Μεταφραστής)
Μορφή: Βιβλίο
Γλώσσα:Greek
Ancient Greek
Δημοσίευση: Αθήνα : Κανάκης, 2011.
Σειρά:Κείμενα βυζαντινής λογοτεχνίας.
Θέματα:
Ετικέτες: Προσθήκη ετικέτας
Δεν υπάρχουν, Καταχωρήστε ετικέτα πρώτοι!

MARC

LEADER 00000cam a2200000 a 4500
001 1/106999
008 150616s2011####gr | ||| |||| ||gre||
020 |a 9789606736148  
040 |a GR-MyUa   |b gre   |c GR-MyUa   |e AACR2  
041 1 |a gre  |h grc 
082 7 |a 239.9   |2 (23)  
100 0 |a Κάλλιστος ο Α',   |c Πατριάρχης Κωνσταντινουπόλεως,   |d 14ος αι. μ.Χ. 
245 1 0 |a Ψευδοπροφήτες, μάγοι και αιρετικοί στο Βυζάντιο κατά τον 14ο αιώνα :   |b επτά ανέκδοτες ομιλίες του Πατριάρχου Κωνσταντινουπόλεως Καλλίστου Α' /   |c Κάλλιστος Α' Πατριάρχης Κωνσταντινουπόλεως ; εισαγωγή - κριτική έκδοση - μετάφραση - σχόλια: Κωνσταντίνος Παΐδας.  
260 |a Αθήνα :   |b Κανάκης,   |c 2011.  
300 |a 437 σ. ;   |c 21 εκ.  
490 1 |a (Κείμενα βυζαντινής λογοτεχνίας ;   |v 6)  
504 |a Βιβλιογραφία: σ. 403-425. Ευρετήρια: σ. [427]-437.  
650 0 |a Occultism  |z Byzantine Empire  |x History. 
650 0 |a Christian heretics  |z Byzantine Empire. 
700 1 |a Παΐδας, Κωνσταντίνος,  |e aui  |e trl 
830 0 |a Κείμενα βυζαντινής λογοτεχνίας. 
852 |a INST  |b LESVOS  |c EUDOXUS  |e 20150616  |h 239.9 ΚΑΛ  |p 005100056982  |q 005100056982  |t EDX  |y 0 
920 |a Εύδοξος   |b Παραγγελία   |y Λέσβος-ΤΚΑΙ  |z 2015-04  
970 |a Τζαφέρη   |b Ευαγγελία   |z 16-06-2015